Регионална библиотека "Любен Каравелов" - Русе

Oeuvres completes de J.-B. Poquelin Moliere (Запис номер 422189)

MARC детайли
000 -Лидер
Контролно поле с фиксирана дължина nam a22 a 4500
003 - Код на организацията, давaща контролен номер
Контролно поле BLK
005 - Дата и час на последна редакция
Контролно поле 20210629223934.0
008 - Елементи от данни с фиксирана дължина
fixed length control field 210629b bu |||||||||| 00| | bu d
040 ## - Източник на каталожния запис
Идентификатор на билиотеката - собственик на записа BLK
041 ## - Код за език
Код за езика на текст/звукозапис или на отделно заглавие Френски
Код за езика КДБФ Френски
080 ## - УДК
Текстов определител УДК Френска литература
УДК код - определител по УДК 821.133.1
УДК определител -22
УДК - код + определител 821.133.1-22
100 ## - Редна дума - Автор
R(LIN) 1299
Автор Moliere, Jean-Baptiste Poquelin
Авторска отговорност първи автор
139 ## - Редно поле
Редна дума Moliere, Jean-Baptiste Poquelin
Авторски знак Mol - M 79
245 ## - Сведения за заглавието
Заглавие Oeuvres completes de J.-B. Poquelin Moliere
Редно поле (дума) Moliere ; Édit. Philarète Chasles
Том T. 2
257 ## - Страна на издаване
Страна на създаване/издаване Франция
260 ## - Област на издателските данни
9 (RLIN) 211784
Място на издаване, разпространение и проч. Paris
Име на издателя, разпространителя и проч. Calmann-Levy
Година на издаване 1888
Издателство - префикс ISBN 2-01-
300 ## - Физическа характеристика
Страници 364 p.
Размери/Мащаб 17 cm
380 ## - Жанр
Жанр Худож. лит.
490 ## - СЕРИИ (Колекции)
9 (RLIN) 435080
Име на серия Колекция Редки и ценни издания
700 ## - Други автори (авторска отговорност)
9 (RLIN) 1311
Лично име Chasles, Philarete
Автороска отговорност (Описва отношението между автора и произведението) ред.
852 ## - Местоположение
Форматна сигнатура Рф 888
Фондова буква Редки и ценни
999 ## - СИСТЕМНИ КОНТРОЛНИ НОМЕРА
Koha biblionumber 422189
Koha biblioitemnumber 422189
942 ## - АРТИКУЛИ
Вид на библиотечния материал Книги
Скрит в OPAC Не
Периодичен библиозапис Да
944 ## - СЪЗДАВАНЕ И РЕДАКЦИЯ на ЗАПИСА
Създаване/Редакция Създаване
Дата на регистрацията/редакция 2021-06-29
Служител, извършил регистрацията/редакцията ВП
Наличности
Код за отписване Код за изгубен артикул Източник на класификационната схема Код за повреда Коз за рестрикции Код за отдаване Артикулен № Име на библиотеката - собственик Име на библиотеката, в която се намира в момента Статус (Текущо местоположение) Дата на вписване в системата Местоположение - отдел Цена в лева Инвентарен номер Систематично азбучна сигнатура Баркод Цена в евро Служебен тип на артикула
  Не е изгубен Universal Decimal Classification Не е повреден само за читалня Специални фондове ( старопечатни, редки и ценни, фонд М. Арнаудов) 855044 Регионална библиотека "Любен Каравелов" Русе Регионална библиотека "Любен Каравелов" Русе Редки и ценни 2021-09-24 Редки и ценни 0.73 13117/58 Рф 888 900000066840 0.37 Книги
Vip Innovations Ltd, Rousse, Bulgaria 2025